000 01089 a2200217 4500
003 Nust
005 20170207154028.0
010 _a 2001268837
020 _a0766815315
035 _a(OCoLC)ocm44799676
040 _cNust
082 0 0 _a621.3822
100 1 _aWhite, Steve.
245 1 0 _aDigital signal processing -(E-BOOK)
_cSteve White.
260 _aSingapore ;
_aStamford, CT :
_bDelmar,
_cc2000.
300 _axv, 234 p. :
_bill. ;
_c24 cm.
500 _aIncludes index.
505 _aIntroduction to Digital Signal Processing and Digital Filtering(Page-1) Effect of Signal Sampling(Page-9) Digital Filter Specifications(Page-25) z-Transforms(Page-39) The z-Transform of the DSP Equation(Page-55) Frequency Response of Digital Filtersand DSP Systems(Page-67) IIR Filter Design(Page-81) Digital Filter and DSP Stability(Page-111) Filter Coefficient Precision(Page-129) FIR Filter Design(Page-145) Windows for FIR Filters(Page-165) Practical Digital Filter Considerations(Page-187) Digital Integration(Page-207)
650 0 _aSignal processing
_xDigital techniques.
651 _aE-BOOK
942 _2ddc
_cBK
999 _c191983
_d191983